00623caa a22002172a 4500001000900000003001100009008004700020092001700067110004000084245010400124245002800228300001000256440000600266440000600272260001400278650002900292650004300321650001700364942000900381999001500390 001159 AR-FADEU 311216n############xxu####################dd aPP(362.7)REV aInstituto Interamericano del niño bPrograma Interamericano de información sobre la niñez y la familia.Serie sobre Asuntos Sociales aRevista bibliográfica a1-126 v4 n8 cdic. 1990 aNIÑEZ-ASUNTOS SOCIALES aBIBLIOGRAFIA; FAMILIA-ASUNTOS SOCIALES aBIBLIOGRAFIA cPPGR c3937d3937